Probability tales/ (Record no. 213073)
[ view plain ]
| 000 -LEADER | |
|---|---|
| fixed length control field | 00744nam a2200229 4500 |
| 005 - DATE AND TIME OF LATEST TRANSACTION | |
| control field | 20250821121836.0 |
| 010 ## - LCCN (DPL NO) | |
| LC control number | ENG-144190 |
| 020 ## - INTERNATIONAL STANDARD BOOK NUMBER | |
| Terms of availability | 935.00 |
| International Standard Book Number | 9789349750708 |
| 035 ## - SYSTEM CONTROL NUMBER | |
| System control number | EN-127722 |
| 037 ## - SOURCE OF ACQUISITION | |
| Source of stock number/acquisition | DBAD |
| 082 ## - DEWEY DECIMAL CLASSIFICATION NUMBER | |
| Classification number | 510 |
| Edition number | 1 |
| 100 ## - MAIN ENTRY--PERSONAL NAME | |
| Personal name | Grinstead, Charles M [Author] |
| 245 ## - TITLE STATEMENT | |
| Title | Probability tales/ |
| Statement of responsibility, etc | Charles M Grinstead; William P Peterson [and] J. Laurie Snell |
| 250 ## - EDITION STATEMENT | |
| Edition statement | 1 |
| 260 ## - PUBLICATION, DISTRIBUTION, ETC. (IMPRINT) | |
| Place of publication, distribution, etc | Hyderabad |
| Name of publisher, distributor, etc | Universities Press (India) Pvt. Ltd. |
| Date of publication, distribution, etc | 2025 |
| 270 ## - ADDRESS | |
| Address | 3-6-747/A & 3-6-754/1, Himayatnagar |
| City | Hyderabad |
| Postal code | 500029 |
| 300 ## - PHYSICAL DESCRIPTION | |
| Extent | ix, 237p. |
| Dimensions | 22cm(pb) |
| 490 ## - SERIES STATEMENT | |
| Volume number/sequential designation | 57 |
| 700 ## - ADDED ENTRY--PERSONAL NAME | |
| Personal name | Peterson, William P |
| Relator term | Author |
| 9 (RLIN) | 84182 |
| 700 ## - ADDED ENTRY--PERSONAL NAME | |
| Personal name | Snell, J. Laurie |
| Relator term | Author |
| 9 (RLIN) | 84183 |
| 942 ## - ADDED ENTRY ELEMENTS (KOHA) | |
| Source of classification or shelving scheme | Dewey Decimal Classification |
| Item type | English Books |
| Classification part | 510 |
| Call number suffix | GRI |
| Withdrawn status | Lost status | Not for loan | Collection code | Home library | Current library | Date acquired | Source of acquisition | Cost, normal purchase price | Full call number | Barcode | Copy number | Cost, replacement price | Koha item type |
|---|---|---|---|---|---|---|---|---|---|---|---|---|---|
| Non-fiction | Mobile Library | Mobile Library | 21/08/2025 | Delivery of Books Act Division | 935.00 | 510 GRI | EN-127722 | 1 | 935.00 | English Books |
